=LDR 00000nam 2200000 4500 =001 INLIS000000000015667 =005 20130612110936 =008 ***********************************Indo** =035 ##$$0010-061300000015667 =041 ##$$a Indo =082 ##$$a 028.5 =090 ##$$a 028.5, Bas a =100 ##$$a Basya Abdurahman Ra'fat =245 ##$$a Abu Muslim Al-Khulani Suara Kebenaran, Abdurrahman Ra'fat basya Penerjemah Masykur Ab =260 ##$$a 1993 $b Bandung =300 ##$$a Seri Kisah Para Tabiin =650 ##$$a Bacaan Kanak-Kanak =700 ##$$a Masykur Ab =850 ##$$a NBPNMAT